Từ điển Nga - Việt / tap 1
সংরক্ষণ করুন:
| প্রধান লেখক: | |
|---|---|
| বিন্যাস: | গ্রন্থ |
| ভাষা: | English |
| প্রকাশিত: |
thế giới,
2003.
|
| বিষয়গুলি: | |
| ট্যাগগুলো: |
ট্যাগ যুক্ত করুন
কোনো ট্যাগ নেই, প্রথমজন হিসাবে ট্যাগ করুন!
|
| Thư viện lưu trữ: | Mạng thư viện Đại học Đà Nẵng |
|---|
| LEADER | 00921cam a22002771a 4500 | ||
|---|---|---|---|
| 001 | 000033829 | ||
| 003 | 10021 | ||
| 005 | 20221129104824.0 | ||
| 008 | 151027s2003 vm 000 eng | ||
| 041 | |a eng | ||
| 082 | |a 491.73 |b AL-K | ||
| 100 | |a K.M. Alikanopv | ||
| 245 | 0 | |a Từ điển Nga - Việt / |c K.M. Alikanopv. |n tap 1 | |
| 260 | |b thế giới, |c 2003. | ||
| 300 | |a 648tr. : ; |c 26cm. | ||
| 650 | |a Từ điển Nga - Việt, | ||
| OWN | |a LNN | ||
| AVA | |a UDN50 |b LNN |c Russian |d 491.73 AL-K |e available |t Error 5001 Not defined in file expand_doc_bib_avail. |f 1 |g 0 |h N |i 0 |j NN |k 1 | ||
| 999 | |a From the UDN01 | ||
| AVA | |a UDN50 |b LNN |c Russian |d 491.73 AL-K |e available |t Error 5001 Not defined in file expand_doc_bib_avail. |f 1 |g 0 |h N |i 0 |j NN |k 1 | ||
| TYP | |a Monograph | ||
| TYP | |a Printed language | ||
| 980 | |a Mạng thư viện Đại học Đà Nẵng | ||